00800nam a2200265Ia 4500001000700000003000500007005001700012008004100029010001100070020002200081040000900103082002100112100003000133245014400163260003800307300001000345440002000355503000700375504002600382650005000408650001400458650001500472650003400487650001300521dia_84CHAP20240221114836.0220117s2009 xx 000 0 und d a176406 a978-958-97181-7-9 cCHAP a631.585 D87 20091 aDurán Ramírez, Felipe aProducción de pimentón, tomate y lechuga en hidropónicos : métodos, semilleros, siembra, enfermedades /c Felipe Durán Ramírez aColombia :b Grupo Latino,c2009 a62 p. aGranja integral aC. aBibliografía: p. 62 aCultivos sin sueloxCultivos hidropónicos  aLechuga  aPimiento  aSoilless culturexHydroponics aTomate